Harahey. (Record no. 51836)
[ view plain ]
| 000 -LEADER | |
|---|---|
| fixed length control field | 01046cam a22002771 4500 |
| 001 - CONTROL NUMBER | |
| control field | rc 01000525 |
| 003 - CONTROL NUMBER IDENTIFIER | |
| control field | DLC |
| 005 - DATE AND TIME OF LATEST TRANSACTION | |
| control field | 20260227111900.0 |
| 008 - FIXED-LENGTH DATA ELEMENTS--GENERAL INFORMATION | |
| fixed length control field | 721201s1899 mnuabcf b 000 0 eng |
| 010 ## - LIBRARY OF CONGRESS CONTROL NUMBER | |
| LC control number | rc 01000525 |
| 035 ## - SYSTEM CONTROL NUMBER | |
| System control number | (OCoLC)505390 |
| 040 ## - CATALOGING SOURCE | |
| Original cataloging agency | DLC |
| Transcribing agency | OCU |
| Modifying agency | OCoLC |
| -- | DLC |
| 050 00 - LIBRARY OF CONGRESS CALL NUMBER | |
| Classification number | F351 |
| Item number | .M53 vol. 2 |
| 100 1# - MAIN ENTRY--PERSONAL NAME | |
| Personal name | Brower, J. V. |
| Fuller form of name | (Jacob Vradenberg), |
| Dates associated with a name | 1844-1905. |
| 245 10 - TITLE STATEMENT | |
| Title | Harahey. |
| Statement of responsibility, etc. | By J.V. Brower, author of Quivira, etc., etc. |
| 260 ## - PUBLICATION, DISTRIBUTION, ETC. | |
| Place of publication, distribution, etc. | St. Paul, Minn. |
| Name of publisher, distributor, etc. | [H.L. Collins Co.] |
| Date of publication, distribution, etc. | 1899. |
| 300 ## - PHYSICAL DESCRIPTION | |
| Extent | 133 p. incl. front., illus., plates, ports. |
| Other physical details | double map. |
| Dimensions | 31 cm. |
| 490 0# - SERIES STATEMENT | |
| Series statement | Memoirs of explorations in the basin of the Mississippi. |
| Volume/sequential designation | vol. II |
| 500 ## - GENERAL NOTE | |
| General note | Plates printed on both sides. |
| 500 ## - GENERAL NOTE | |
| General note | First edition, 300 numbered autograph copies. no. 24. |
| 500 ## - GENERAL NOTE | |
| General note | "Coronado's march to Quivira," by F.W. Hodge: p. 29-73. |
| 504 ## - BIBLIOGRAPHY, ETC. NOTE | |
| Bibliography, etc. note | "Bibliographic references": p. 121-125. |
| 600 10 - SUBJECT ADDED ENTRY--PERSONAL NAME | |
| Personal name | Coronado, Francisco Vásquez de, |
| Dates associated with a name | 1510-1554. |
| 651 #0 - SUBJECT ADDED ENTRY--GEOGRAPHIC NAME | |
| Geographic name | Harahey. |
| 700 1# - ADDED ENTRY--PERSONAL NAME | |
| Personal name | Hodge, Frederick Webb, |
| Dates associated with a name | 1864-1956. |
No items available.